| 000 | 00808nam a22002897a 4500 | ||
|---|---|---|---|
| 001 | BR7313008 | ||
| 003 | BR-BrBNA | ||
| 005 | 20230928084249.0 | ||
| 007 | ta | ||
| 008 | 230509b bl.||||| |||| 00| 0 por d | ||
| 040 |
_aBR-BrBNA _bpor _cBiblioteca Nacional de Agricultura |
||
| 041 | _a(Por) | ||
| 072 |
_aE15; L00 _b6100 _b9610 _b8954 |
||
| 090 | _ 6100 BR7313008 | ||
| 100 | 1 | _aVieira, A.M. | |
| 110 | 1 | _aAssociacao de Credito e Assistencia Rural do Espirito Santo, Vitoria (Brasil) | |
| 245 | 1 | _aMensuracao e tendencia do negocio avicola [Ovo; Racao; Custo] | |
| 260 | 3 |
_aVitoria, ES (Brasil): _c1969. |
|
| 300 | _a8 p. | ||
| 650 | _aGALINHA | ||
| 650 | _aOVO | ||
| 650 | _aRACAO | ||
| 650 | _aCUSTO DE PRODUCAO | ||
| 650 | _aLUCRO | ||
| 909 |
_a202309 _bLucia _c55 _dLucia Elande |
||
| 942 | _cBK | ||
| 999 |
_c17787 _d17787 |
||